Advances in Research on Fertilization Management of Vegetables Crops.
Furkejuvvon:
| Eará dahkkit: | , , |
|---|---|
| Materiálatiipa: | Dovdameahttun |
| Giella: | eaŋgalasgiella |
| Almmustuhtton: |
Cham, Switzerland:
Springer,
2017
|
| Ráidu: | Advances in Olericulture
|
| Fáttát: | |
| Fáddágilkorat: |
Lasit fáddágilkoriid
Eai fáddágilkorat, Lasit vuosttaš fáddágilkora!
|
MARC
| LEADER | 00000 a2200000 4500 | ||
|---|---|---|---|
| 003 | CL-VaPUC | ||
| 005 | 20220420121811.0 | ||
| 008 | 220406b2017 ||||| |||| 00| 0 eng d | ||
| 999 | |c 434126 |d 434124 | ||
| 020 | |a 9783319536248 | ||
| 040 | |c Pontificia Universidad Católica de Valparaíso | ||
| 082 | 7 | |a 635.0489 TEI 2017 |2 22 | |
| 100 | |a Tei, Francesco |9 864582 |e editor | ||
| 245 | |a Advances in Research on Fertilization Management of Vegetables Crops. | ||
| 260 | |a Cham, Switzerland: |b Springer, |c 2017 | ||
| 300 | |a 302 páginas | ||
| 490 | |a Advances in Olericulture | ||
| 583 | |k Cristina María Rojas Aguilar |c 20220406 | ||
| 650 | |a Cultivos vegetales |x Fertilización |x Investigaciones |9 868041 | ||
| 650 | 0 | |a Hortalizas |9 259501 |x Fertilización | |
| 700 | |a Nicola, Silvana |e editor |9 868042 | ||
| 700 | |a Benincasa, Paolo |e editor |9 868043 | ||
| 942 | |2 ddc |c BK | ||
| 952 | |0 0 |1 0 |2 ddc |4 0 |6 635_048900000000000_TEI_2017 |7 0 |8 A |9 582463 |a BIBAGR |b BIBAGR |c GEN |d 2022-04-05 |e 74 |g 261204.00 |i 5650564 |o 635.0489 TEI 2017 |p 5650564 |r 2025-01-20 |t 1 |v 261204.00 |w 2022-04-05 |y BK |k DCA | ||